<?xml version="1.0" encoding="UTF-8"?>
<record
    xmlns:xsi="http://www.w3.org/2001/XMLSchema-instance"
    xsi:schemaLocation="http://www.loc.gov/MARC21/slim http://www.loc.gov/standards/marcxml/schema/MARC21slim.xsd"
    xmlns="http://www.loc.gov/MARC21/slim">

  <leader>02004    a2200229   4500</leader>
  <controlfield tag="001">41187</controlfield>
  <controlfield tag="005">20260407155705.0</controlfield>
  <controlfield tag="008">260407a1999    arg                 spa d</controlfield>
  <controlfield tag="003">AR-UNSa-BCEJYS</controlfield>
  <datafield tag="040" ind1=" " ind2=" ">
    <subfield code="a">AR-UNSa-BCEJYS</subfield>
    <subfield code="b">spa</subfield>
    <subfield code="c">AR-UNSa-BCEJYS</subfield>
  </datafield>
  <datafield tag="080" ind1=" " ind2=" ">
    <subfield code="a">347.51</subfield>
    <subfield code="x">Responsabilidad civil en general</subfield>
  </datafield>
  <datafield tag="245" ind1="1" ind2="0">
    <subfield code="a">Formas de organizaci&#xF3;n y responsabilidad de las empresas de la salud</subfield>
  </datafield>
  <datafield tag="020" ind1=" " ind2=" ">
    <subfield code="a">950-894-165-0</subfield>
  </datafield>
  <datafield tag="264" ind1=" " ind2="1">
    <subfield code="a">Buenos Aires :</subfield>
    <subfield code="b">AD-HOC</subfield>
    <subfield code="c">1999</subfield>
  </datafield>
  <datafield tag="300" ind1=" " ind2=" ">
    <subfield code="a">299 p.</subfield>
    <subfield code="c">23 cm.</subfield>
  </datafield>
  <datafield tag="505" ind1=" " ind2=" ">
    <subfield code="a">1. Introducci&#xF3;n. Pautas metodol&#xF3;gicas. La realidad contempor&#xE1;nea: la organizaci&#xF3;n empresaria en la presentaci&#xF3;n del servicio m&#xE9;dico. Empresa m&#xE9;dica individual y pluripersonal. Normas aplicables: C&#xF3;digo Civil y Ley de Sociedades Comerciales - 2. La persona jur&#xED;dica. Nociones generales. Clasificaci&#xF3;n: los tipos legales b&#xE1;sicos. Caracter&#xED;sticas comunes a las diversas formas de organizaci&#xF3;n de las personas jur&#xED;dicas de car&#xE1;cter privado - 3. La persona jur&#xED;dica en la actividad m&#xE9;dica. Incidencia de la Ley 17.132 y normas complementarias. La Ley 23.798 sobre SIDA. Los Comit&#xE9;s hospitalarios de &#xE9;tica (Ley 24.742) - 4. Formas de organizaci&#xF3;n de las personas jur&#xED;dicas. Asociaciones propiamente dichas y simples asociaciones. Asociaciones mutuales. Fundaciones. Cooperativas. Los contratos de colaboraci&#xF3;n empresaria - 5. Sociedades. Examen estructural de la sociedad civil como prototipo de organizaci&#xF3;n plural de los m&#xE9;dicos u otros profesionales del arte de curar - 6. Presupuestos generales de la responsabilidad civil en la actividad m&#xE9;dica - 7. Responsabilidad de los establecimientos asistenciales - 8. Responsabilidad de las obras sociales - 9. Las entidades que organizan servicios m&#xE9;dicos prepagos. Relaci&#xF3;n con los adherentes. Responsabilidad</subfield>
  </datafield>
  <datafield tag="041" ind1=" " ind2=" ">
    <subfield code="a">spa</subfield>
  </datafield>
  <datafield tag="942" ind1=" " ind2=" ">
    <subfield code="c">BK</subfield>
  </datafield>
  <datafield tag="590" ind1=" " ind2=" ">
    <subfield code="a">niveau_biblio:m niveau_hierar:0</subfield>
  </datafield>
  <datafield tag="100" ind1="1" ind2=" ">
    <subfield code="a">Monti, Jos&#xE9; Luis</subfield>
  </datafield>
  <datafield tag="856" ind1="4" ind2="1">
    <subfield code="u">https://biblioeco.unsa.edu.ar/pmb/images/libros/L126425.jpg</subfield>
    <subfield code="y">Imagen de portada</subfield>
    <subfield code="q">image/jpeg</subfield>
  </datafield>
  <datafield tag="999" ind1=" " ind2=" ">
    <subfield code="c">3407</subfield>
    <subfield code="d">3407</subfield>
  </datafield>
  <datafield tag="952" ind1=" " ind2=" ">
    <subfield code="0">0</subfield>
    <subfield code="1">0</subfield>
    <subfield code="4">0</subfield>
    <subfield code="7">0</subfield>
    <subfield code="a">BCEJYS</subfield>
    <subfield code="b">BCEJYS</subfield>
    <subfield code="c">16</subfield>
    <subfield code="d">2026-04-07</subfield>
    <subfield code="l">0</subfield>
    <subfield code="o">347.51 M791</subfield>
    <subfield code="p">L126425</subfield>
    <subfield code="r">2026-04-07 15:57:05</subfield>
    <subfield code="w">2026-04-07</subfield>
    <subfield code="y">L</subfield>
  </datafield>
</record>
